<?xml version="1.0" encoding="UTF-8"?>
<collection xmlns="http://www.loc.gov/MARC21/slim">
 <record>
  <leader>03064nam a2200205Ia 4500</leader>
  <controlfield tag="001">CTU_174938</controlfield>
  <controlfield tag="008">210402s9999    xx            000 0 und d</controlfield>
  <datafield tag="020" ind1=" " ind2=" ">
   <subfield code="c">44000</subfield>
  </datafield>
  <datafield tag="082" ind1=" " ind2=" ">
   <subfield code="a">330.9</subfield>
  </datafield>
  <datafield tag="082" ind1=" " ind2=" ">
   <subfield code="b">H513</subfield>
  </datafield>
  <datafield tag="100" ind1=" " ind2=" ">
   <subfield code="a">Nguyễn, Mạnh Hùng</subfield>
  </datafield>
  <datafield tag="245" ind1=" " ind2="0">
   <subfield code="a">Kinh tế, chính trị thế giới năm 2010 và triển vọng năm 2011</subfield>
  </datafield>
  <datafield tag="245" ind1=" " ind2="0">
   <subfield code="c">Chủ biên Nguyễn Mạnh Hùng</subfield>
  </datafield>
  <datafield tag="260" ind1=" " ind2=" ">
   <subfield code="a">Hà Nội</subfield>
  </datafield>
  <datafield tag="260" ind1=" " ind2=" ">
   <subfield code="b">Khoa học Xã hội</subfield>
  </datafield>
  <datafield tag="260" ind1=" " ind2=" ">
   <subfield code="c">2011</subfield>
  </datafield>
  <datafield tag="520" ind1=" " ind2=" ">
   <subfield code="a">Cuốn sách này là kết quả của nhiệm vụ nghiên cứu khoa học cấp bộ do Viện Kinh tế và Chính trị Thế giới thực hiện. Các tác giả tập trung phân tích những đặc điểm cơ bản, xu hướng nổi bật thể hiện qua các sự kiện quan trọng và có ảnh hưởng lớn đến kinh tế, chính trị thế giới năm 2010. Nguồn dữ liệu được sử dụng là dữ liệu thứ cấp trong và ngoài nước. Trong các phân tích và đánh giá của mình, các tác giả đã cố gắng sử dụng các số liệu có tính hệ thống của Quỹ Tiền tệ quốc tế (IMF), Tổ chức Hợp tác và Phát triển kinh tế (OECD), Ngân hàng Thế giới (WB) và một số tổ chức quốc tế khác, cũng như các số liệu chính thức của các quốc gia. Nội dung cuốn sách được trình bày trong 4 chương. Chương 1: Kinh tế thế giới năm 2010. Chương này phân tích những đặc điểm cơ bản và xu hướng phát triển nổi bật của kinh tế thế giới năm 2010 ; Chương 2: Chính trị thế giới năm 2010. Các tác giả tập trung phân tích những đặc điểm cơ bản và xu hướng phát triển nổi bật của kinh tế thế giới năm 2010 ; Chương 3: Kinh tế và chính trị của một số nước và khu vực năm 2010. Tập trung phân tích tình hình kinh tế và chính trị của Hoa Kỳ, Trung Quốc, Nhật Bản, Cộng hòa Liên bang  Nga, Liên minh Châu Âu, Ấn Độ và ASEAN ; Chương 4: Triển vọng kinh tế và chính trị thế giới năm 2011 và một số hàm ý chính sách cho Việt Nam. Tập thể tác giả đưa ra một số nhận định về những đặc điểm cơ bản và xu hướng phát triển nổi bật của tình hình kinh tế và chính trị thế giới năm 2011, một số kiến nghị chính sách cho Việt Nam.</subfield>
  </datafield>
  <datafield tag="650" ind1=" " ind2=" ">
   <subfield code="a">Economic development,Economic geography,Địa lỹ kinh tế,Phát triển kinh tế</subfield>
  </datafield>
  <datafield tag="904" ind1=" " ind2=" ">
   <subfield code="i">Trọng Hiếu</subfield>
  </datafield>
  <datafield tag="980" ind1=" " ind2=" ">
   <subfield code="a">Trung tâm Học liệu Trường Đại học Cần Thơ</subfield>
  </datafield>
 </record>
</collection>
